000 00622cam a2200217 4500
001 D15486
008 090401t1981 xxu||||| |||| 00| 0 eng d
035 _a(Sirsi) u23142
041 _aeng
050 _a306.026
090 _aRICS 1981/17ABCD
110 _aRoyal Institution of Chartered Surveyors
_94900
245 _aHousing Act 1980. One day conference [held at RICS] 2nd April 1981
260 _aLondon
_bSurveyors` Technical Services
_c1981
300 _a4 papers
350 _a0
520 _aFiled in box RICS 1981/17 ABC
710 _aGeneral Practice Division
_9752
942 _n0
948 _c04/03/1997
999 _c88327
_d88327